000 00495nam a22001937a 4500
003 MPLRDC
005 20220104191800.0
008 210129b ||||| |||| 00| 0 eng d
020 _a978-986-120-952-4
082 _a874.57 PEL
100 _aCHARLES PELLEGRINO
245 _a广岛末班列车
_c廖素珊 译
250 _a初版
260 _a台湾
_b商周出版
_c2011
300 _b
490 _a漫游历史: 5
650 _a美国文学-长篇小说
942 _cBK
_o874.57 PEL
999 _c64404
_d64394